Экспериментальные методы в сильноточной электронике: учебное пособие

Détails bibliographiques
Auteur principal: Климов А. И. Алексей Иванович
Collectivité auteur: Национальный исследовательский Томский политехнический университет (ТПУ)
Résumé:В учебном пособии описаны экспериментальные методы в сильноточной электронике, в том числе особенности осциллографической регистрации наносекундных сигналов, высоковольтных импульсов напряжения и больших импульсных токов, измерения параметров сильноточных электронных пучков и мощных импульсов СВЧ-излучения, радиосигнальные линии передачи и методы борьбы с электромагнитными помехами. Разработано в рамках реализации Инновационной образовательной программы ТПУ по направлению «Энергосберегающие, базовые, специальные и промышленные электроразрядные, радиационные и плазменно-пучковые технологии». Пособие предназначено для магистрантов, обучающихся по направлениям «Микроволновая электроника» и «Физическая электроника», а также может быть полезно студентам, аспирантам, инженерно-техническим и научным работникам, специализирующимся в области мощной импульсной техники и электрофизики.
Langue:russe
Publié: Томск, Изд-во ТПУ, 2013
Sujets:
Format: MixedMaterials Livre
KOHA link:https://koha.lib.tpu.ru/cgi-bin/koha/opac-detail.pl?biblionumber=247511

MARC

LEADER 00000nam0a2200000 4500
001 247511
005 20231101232314.0
010 |a 9785438702948 
035 |a (RuTPU)RU\TPU\book\269028 
035 |a RU\TPU\book\175626 
090 |a 247511 
100 |a 20140109d2013 m y0rusy50 ca 
101 0 |a rus 
102 |a RU 
105 |a a j 001zy 
200 1 |a Экспериментальные методы в сильноточной электронике  |e учебное пособие  |f А. И. Климов  |g Национальный исследовательский Томский политехнический университет (ТПУ) 
210 |a Томск  |c Изд-во ТПУ  |d 2013 
215 |a 238 с.  |c ил. 
320 |a Библиогр.: с. 230-237. 
330 |a В учебном пособии описаны экспериментальные методы в сильноточной электронике, в том числе особенности осциллографической регистрации наносекундных сигналов, высоковольтных импульсов напряжения и больших импульсных токов, измерения параметров сильноточных электронных пучков и мощных импульсов СВЧ-излучения, радиосигнальные линии передачи и методы борьбы с электромагнитными помехами. Разработано в рамках реализации Инновационной образовательной программы ТПУ по направлению «Энергосберегающие, базовые, специальные и промышленные электроразрядные, радиационные и плазменно-пучковые технологии». Пособие предназначено для магистрантов, обучающихся по направлениям «Микроволновая электроника» и «Физическая электроника», а также может быть полезно студентам, аспирантам, инженерно-техническим и научным работникам, специализирующимся в области мощной импульсной техники и электрофизики. 
452 1 |0 (RuTPU)RU\TPU\book\178138  |t Экспериментальные методы в сильноточной электронике  |o учебное пособие  |f А. И. Климов  |g Томский политехнический университет (ТПУ)  |c Томск  |n Изд-во ТПУ  |d 2009  |a Климов, Алексей Иванович 
606 1 |a Сильноточная электроника  |x Физика  |2 stltpush  |3 (RuTPU)RU\TPU\subj\54819  |9 72900 
610 1 |a сигналы 
610 1 |a импульсы 
610 1 |a спектральные параметры 
610 1 |a измерение 
610 1 |a осциллографические методы 
610 1 |a электромагнитные помехи 
610 1 |a высокие импульсные напряжения 
610 1 |a импульсные токи 
610 1 |a пучки заряженных частиц 
610 1 |a параметры 
610 1 |a СВЧ-излучение 
610 1 |a наносекундные импульсы 
610 1 |a антенные измерения 
610 1 |a волноводные измерения 
610 1 |a детекторные измерения 
610 1 |a регистрация 
610 1 |a энергия 
610 1 |a когерентность 
610 1 |a учебные пособия 
610 1 |a труды учёных ТПУ 
675 |a 537.533.2(075.8)  |v 3 
700 1 |a Климов  |b А. И.  |c специалист в области электроники  |c доцент Томского политехнического университета, кандидат физико-математических наук  |f 1955-  |g Алексей Иванович  |2 stltpush  |3 (RuTPU)RU\TPU\pers\31691 
712 0 2 |a Национальный исследовательский Томский политехнический университет (ТПУ)  |c (2009- )  |2 stltpush  |3 (RuTPU)RU\TPU\col\15902 
801 1 |a RU  |b 63413507  |c 20090616  |g PSBO 
801 2 |a RU  |b 63413507  |c 20140116  |g PSBO 
900 |a Экспериментальные методы в сильноточной электронике 
942 |c BK